| 000 | 00468 a2200157 4500 | ||
|---|---|---|---|
| 999 |
_c9433 _d9433 |
||
| 020 | _a9780409035087 | ||
| 050 | _aKTL5121CRO2008 | ||
| 100 |
_aHeaton Jacqueline _eauthor |
||
| 245 |
_aCaseboojk on the South African law of persons: _bVonnisbundel oor die Suid-Afrikaanse Personereg / _cJacqueline Heaton |
||
| 250 | _a3rd ed | ||
| 264 |
_aDurban: _bLexisNexis, _c2008 |
||
| 300 | _a317p.: | ||
| 500 | _aincludes index | ||
| 650 | _alaw | ||
| 942 |
_2lcc _cBK _h511 _iCRO _kKTL |
||